000 00528nam a2200157Ia 4500
008 151213s9999 xx 000 0 und d
082 _a515.35
_b515.35
100 _aমো : আবু ইফসুফ
245 _aডিফারেনসিয়াল সমীকরণ
_cমো : আবু ইফসুফ
260 _aঢাকা
_bরাফিদ বুক হাউজ
_c2000
300 _a10464 p.
650 _aMathematics
650 _aMathematics
700 _aমো : আবু ইফসুফ
999 _c4857
_d4857